Guidelines on minimum requirements for agricultural pesticide application equipment

Kaydedildi:
Detaylı Bibliyografya
Yazar: FAO
Materyal Türü: Kitap
Dil:Undetermined
Baskı/Yayın Bilgisi: Rome, Italy FAO 2001
Konular:
Etiketler: Etiketle
Etiket eklenmemiş, İlk siz ekleyin!
Thư viện lưu trữ: Trung tâm Học liệu Trường Đại học Cần Thơ
LEADER 00498nam a2200181Ia 4500
001 CTU_54056
008 210402s9999 xx 000 0 und d
082 |a 632.95 
082 |b F686/Vol.1 
100 |a FAO 
245 0 |a Guidelines on minimum requirements for agricultural pesticide application equipment 
245 0 |c FAO 
260 |a Rome, Italy 
260 |b FAO 
260 |c 2001 
650 |a pesticides 
650 |x application 
980 |a Trung tâm Học liệu Trường Đại học Cần Thơ